<?xml version="1.0" encoding="UTF-8"?>
<collection xmlns:xsi="http://www.w3.org/2001/XMLSchema-instance" xsi:schemaLocation="http://www.loc.gov/MARC21/slim http://www.loc.gov/standards/marcxml/schema/MARC21slim.xsd" xmlns="http://www.loc.gov/MARC21/slim">
 <record>
  <leader>00000nam a2200000   4500</leader>
  <controlfield tag="001">UP-8027390931312043981</controlfield>
  <controlfield tag="003">Buklod</controlfield>
  <controlfield tag="005">20250714100635.0</controlfield>
  <controlfield tag="006">m    |o  j |      </controlfield>
  <controlfield tag="007">cr |nu|||auu|a</controlfield>
  <controlfield tag="008">250714s2023    mau     o  j        eng d</controlfield>
  <datafield tag="020" ind1=" " ind2=" ">
   <subfield code="a">978-0-323-90534-3</subfield>
  </datafield>
  <datafield tag="040" ind1=" " ind2=" ">
   <subfield code="a">DMLR</subfield>
   <subfield code="b">eng</subfield>
   <subfield code="e">rda</subfield>
  </datafield>
  <datafield tag="041" ind1=" " ind2=" ">
   <subfield code="a">eng</subfield>
  </datafield>
  <datafield tag="042" ind1=" " ind2=" ">
   <subfield code="a">DMLUC</subfield>
  </datafield>
  <datafield tag="084" ind1=" " ind2=" ">
   <subfield code="a">RC 683.5 D36</subfield>
   <subfield code="b">I58 2023eb</subfield>
  </datafield>
  <datafield tag="245" ind1="0" ind2="0">
   <subfield code="a">Intelligence-based cardiology and cardiac surgery</subfield>
   <subfield code="b">artificial intelligence and human cognition in cardiovascular medicine</subfield>
   <subfield code="c">edited by Anthony C. Chang and Alfonso Limon.</subfield>
  </datafield>
  <datafield tag="264" ind1=" " ind2="1">
   <subfield code="a">Cambridge, Massachusetts</subfield>
   <subfield code="b">Academic Press</subfield>
   <subfield code="c">2023.</subfield>
  </datafield>
  <datafield tag="300" ind1=" " ind2=" ">
   <subfield code="a">1 online resource.</subfield>
  </datafield>
  <datafield tag="336" ind1=" " ind2=" ">
   <subfield code="a">text</subfield>
   <subfield code="2">rdacontent</subfield>
  </datafield>
  <datafield tag="337" ind1=" " ind2=" ">
   <subfield code="a">computer</subfield>
   <subfield code="2">rdamedia</subfield>
  </datafield>
  <datafield tag="338" ind1=" " ind2=" ">
   <subfield code="a">online resource</subfield>
   <subfield code="2">rdacarrier</subfield>
  </datafield>
  <datafield tag="490" ind1="1" ind2=" ">
   <subfield code="a">Intelligence-Based Medicine: Subspecialty Series</subfield>
  </datafield>
  <datafield tag="504" ind1=" " ind2=" ">
   <subfield code="a">Includes bibliographical references and index.</subfield>
  </datafield>
  <datafield tag="520" ind1=" " ind2=" ">
   <subfield code="a">&quot;Intelligence-Based Cardiology and Cardiac Surgery: Artificial Intelligence and Human Cognition in Cardiovascular Medicine provides an especially timely multidisciplinary and comprehensive survey of artificial intelligence concepts and methodologies. It includes real-life applications in adult and pediatric cardiovascular medicine, spanning the life span from fetus to adult. Led by a senior cardiologist–data scientist and supported by renowned data scientists and cardiac clinicians with an ardent passion for artificial intelligence in cardiovascular medicine, the book provides a clinical interface between the medical and data science domains that is symmetric and realistic. The content consists of basic concepts and applications of artificial intelligence and human cognition in cardiology and cardiac surgery. This portfolio ranges from big data to machine and deep learning, as well as cognitive computing and natural language processing in cardiac disease states such as heart failure, hypertension, and pediatric cardiac care. Artificial intelligence tools are described from the intensive care unit setting to other venues, such as the outpatient clinic, catheterization laboratory, and operating room. Future applications in related areas, such as large language models, extended reality, and digital twins, are also discussed. The book encompasses more than 50 chapters written by cardiologists or cardiac surgeons. Each chapter provides sections on the current state of the art and future directions and concludes with major takeaways. A robust compendium of practical resources, such as a comprehensive glossary, best references, and other resources, is also included. The book narrows the knowledge and expertise chasm between data scientists, cardiologists, and cardiac surgeons, inspires these clinicians to embrace artificial intelligence methodologies, and educates data scientists about the cardiac ecosystem to create a transformational paradigm for cardiovascular healthcare that improves patient outcomes.&quot;</subfield>
   <subfield code="c">Provided by publisher.</subfield>
  </datafield>
  <datafield tag="650" ind1=" " ind2="0">
   <subfield code="a">Medical informatics.</subfield>
  </datafield>
  <datafield tag="650" ind1=" " ind2="0">
   <subfield code="a">Artificial intelligence</subfield>
   <subfield code="x">Health aspects.</subfield>
  </datafield>
  <datafield tag="650" ind1=" " ind2="0">
   <subfield code="a">Cardiac surgery</subfield>
   <subfield code="x">Data processing.</subfield>
  </datafield>
  <datafield tag="650" ind1=" " ind2="0">
   <subfield code="a">Cardiology</subfield>
   <subfield code="x">Data processing.</subfield>
  </datafield>
  <datafield tag="650" ind1=" " ind2="0">
   <subfield code="a">Cognition</subfield>
   <subfield code="x">Physiological aspects.</subfield>
  </datafield>
  <datafield tag="700" ind1="1" ind2=" ">
   <subfield code="a">Chang, Anthony C.</subfield>
   <subfield code="e">editor.</subfield>
  </datafield>
  <datafield tag="700" ind1="1" ind2=" ">
   <subfield code="a">Limon, Alfonso</subfield>
   <subfield code="e">editor.</subfield>
  </datafield>
  <datafield tag="830" ind1=" " ind2="0">
   <subfield code="a">Intelligence-Based Medicine: Subspecialty Series.</subfield>
  </datafield>
  <datafield tag="856" ind1="4" ind2="0">
   <subfield code="y">Available for UP System via Science Direct</subfield>
   <subfield code="u">https://doi.org/10.1016/C2020-0-03605-4</subfield>
  </datafield>
  <datafield tag="905" ind1=" " ind2=" ">
   <subfield code="a">FO</subfield>
  </datafield>
  <datafield tag="852" ind1="0" ind2=" ">
   <subfield code="a">UPD</subfield>
   <subfield code="b">DMLR</subfield>
   <subfield code="h">RC 683.5 D36</subfield>
   <subfield code="i">I58 2023eb</subfield>
  </datafield>
  <datafield tag="942" ind1=" " ind2=" ">
   <subfield code="a">Electronic Resource</subfield>
  </datafield>
 </record>
</collection>
